00735nam a2200229 a 4500001001300000003000900013005001700022008004100039020002300080082002000103100001800123245005400141260005000195300000800245500003500253505003100288650003500319902000800354942000700362952012100369999001500490nice12345678IN_TiNIC20260116013059.0050524s1993 cama grp 000 0 eng  a0521099 c30500a909.097671bMAN aMantin, Peter aIslamic World, Beliefs and Civilizations-600-1600 aCambridge bCambridge University Press c1993 a64p aincludes index and biblioraphy2 aGlossary, Reference, Index aIslamic-Countries Civilization bSRS cBK 001040708StackRoom-aHMIbHMId2007-06-05g305.00l0o909.097671 MANp018781r2007-06-05v305.00w2005-05-24yBK c9568d9568